MARC details
| 000 -LEADER |
| fixed length control field |
01432nam a2200361 a 4500 |
| 001 - CONTROL NUMBER |
| control field |
vtls002013172 |
| 003 - CONTROL NUMBER IDENTIFIER |
| control field |
NLI |
| 005 - DATE AND TIME OF LATEST TRANSACTION |
| control field |
20210630170732.0 |
| 008 - FIXED-LENGTH DATA ELEMENTS--GENERAL INFORMATION |
| fixed length control field |
180801s2012 ii e o000 0 eng d |
| 020 ## - INTERNATIONAL STANDARD BOOK NUMBER |
| International Standard Book Number |
9789381744031 |
| Terms of availability |
Rs.75.00 |
| 039 #9 - LEVEL OF BIBLIOGRAPHIC CONTROL AND CODING DETAIL [OBSOLETE] |
| -- |
201808011349 |
| -- |
bishnupadad |
| 040 ## - CATALOGING SOURCE |
| Original cataloging agency |
NLI |
| Language of cataloging |
eng |
| Transcribing agency |
NLMARC21 |
| 041 ## - LANGUAGE CODE |
| Language code of text/sound track or separate title |
eng |
| 044 ## - COUNTRY OF PUBLISHING/PRODUCING ENTITY CODE |
| MARC country code |
ii |
| 082 04 - DEWEY DECIMAL CLASSIFICATION NUMBER |
| Classification number |
894.81111 |
| Edition number |
22 |
| 245 00 - TITLE STATEMENT |
| Title |
Iraiyanar akapporul : |
| Remainder of title |
text, transliteration and translations in English verse and prose / |
| Statement of responsibility, etc. |
Compiled and edited by V. Ramasamy ; translators David C. Buck ... [et al.] |
| 260 ## - PUBLICATION, DISTRIBUTION, ETC. |
| Place of publication, distribution, etc. |
Chennai : |
| Name of publisher, distributor, etc. |
Central Institute of classical Tamil, |
| Date of publication, distribution, etc. |
2012 |
| 300 ## - PHYSICAL DESCRIPTION |
| Extent |
xxvi, 48 p. ; |
| Dimensions |
25cm. |
| 440 #0 - SERIES STATEMENT/ADDED ENTRY--TITLE |
| Title |
Ancient Tamil classics in translation series. |
| 9 (RLIN) |
1342006 |
| 650 #0 - SUBJECT ADDED ENTRY--TOPICAL TERM |
| Topical term or geographic name entry element |
Love poetry, Tamil |
| General subdivision |
Translations into English |
| 9 (RLIN) |
832631 |
| 650 #0 - SUBJECT ADDED ENTRY--TOPICAL TERM |
| Topical term or geographic name entry element |
Sangam literature |
| General subdivision |
Translations into English |
| 9 (RLIN) |
1342007 |
| 650 #0 - SUBJECT ADDED ENTRY--TOPICAL TERM |
| Topical term or geographic name entry element |
Tamil poetry |
| Chronological subdivision |
To 1500 |
| General subdivision |
Translations into English |
| 9 (RLIN) |
832632 |
| 700 1# - ADDED ENTRY--PERSONAL NAME |
| Personal name |
Ramasami, V., |
| Relationship |
com |
| 9 (RLIN) |
996225 |
| 700 1# - ADDED ENTRY--PERSONAL NAME |
| Personal name |
Buck, David C., |
| Relationship |
trl |
| 9 (RLIN) |
1343209 |
| 710 2# - ADDED ENTRY--CORPORATE NAME |
| Corporate name or jurisdiction name as entry element |
Central Institute of Classical Tamil, Chennai. |
| 9 (RLIN) |
1343210 |
| 887 ## - NON-MARC INFORMATION FIELD |
| Content of non-MARC field |
Bishnu |
| 902 ## - LOCAL DATA ELEMENT B, LDB (RLIN) |
| a |
GP 894.81111 Ir1 |
| 904 ## - LOCAL DATA ELEMENT D, LDD (RLIN) |
| a |
Bishnu |
| 949 ## - LOCAL PROCESSING INFORMATION (OCLC) |
| -- |
VIRTUAITEM |
| -- |
10003 |
| -- |
202 |
| 6 |
IOD000155472ENG |
| e |
IOD155472 |
| 942 ## - ADDED ENTRY ELEMENTS (KOHA) |
| Source of classification or shelving scheme |
Dewey Decimal Classification |
| Koha item type |
Books |